000 00290nam a2200109Ia 4500
008 171205s9999 xx 000 0 und d
020 _a9781506363479
100 _aMurawski, Wendy W.
245 _aWhat Really Works with Exceptional learners
260 _bCORWIN
_c2017
300 _a376 pages
999 _c347416
_d347416